| 000 | 00408nam a22001337a 4500 | ||
|---|---|---|---|
| 082 |
_a625.73 _bMAJ _cL-15, P-23 |
||
| 100 |
_aMajgaonkar, V.K _943142 |
||
| 245 |
_aRoads and earthwork engineering in questions and answers / _cV.K, Majgaonkar |
||
| 260 |
_aPoona : _bUnited Book Corporation, _c1952. |
||
| 300 | _a295 p. : | ||
| 526 |
_a0 _b0 _c0 _d625_730000000000000_MAJ |
||
| 650 |
_aMCE _9379 |
||
| 942 |
_2ddc _cBK |
||
| 999 |
_c547456 _d547456 |
||